| 000 | 01139nam a22002177a 4500 | ||
|---|---|---|---|
| 999 |
_c60199 _d60199 |
||
| 003 | Ge_BSU | ||
| 005 | 20230616171620.0 | ||
| 008 | 230616s2008 ge ||||| |||| 00| 0 geo d | ||
| 020 | _a9789941124433 | ||
| 041 | _ageo | ||
| 080 | _a27-9(479.22) მ-97 | ||
| 100 |
_aმშვილდაძე, მარიკა _915413 |
||
| 245 |
_aადრეული ქრისტიანობა საქართველოში / _cმარიკა მშვილდაძე; [რედ. გურამ ლორთქიფანიძე]; თსუ-ს ჰუმანიტ. მეცნ. ფაკ., მსოფლიო ისტორ. ინ-ტი. |
||
| 264 |
_aთბილისი : _b უნივერსალი, _c2008. |
||
| 300 |
_a158გვ. : _bტაბ. ; _c20სმ. |
||
| 504 | _aბიბლიოგრ.: გვ. 123-141. | ||
| 520 | _aრეზ. ინგლ. | ||
| 653 | _aქრისტიანობის ისტორია საქართველოში | ||
| 700 |
_aლორთქიფანიძე, გურამ _eრედაქტორი _915412 |
||
| 942 |
_2udc _cBK |
||